| 000 | 00000nam##2200000za#4500 |
| 001 | 9.686261 |
| 003 | CaOODSP |
| 005 | 20210624230444 |
| 007 | cr ||||||||||| |
| 008 | 150407|2001||||xxc|||||o f|0| 0 eng|d |
| 020 | |a0-662-31303-8 |
| 040 | |aCaOODSP|beng |
| 043 | |an-cn--- |
| 086 | 1 |aE2-432/2001E-IN |
| 110 | 1 |aCanada.|bForeign Affairs and International Trade. |bCanadian Centre for Foreign Policy Development. |
| 245 | 14|aThe New Face of Terrorism : |h[electronic resource]|breport from the Roundtable (October 26, 2001) / |c[by] Marketa Geislerova. |
| 260 | |aOttawa - Ontario : |bForeign Affairs and International Trade. |c[2001]. |
| 300 | |a12p. |
| 590 | |a10-06-Supp|b2010-07-26 |
| 690 | 07|aForeign policy|2gcpds |
| 690 | 07|aTerrorism|2gcpds |
| 720 | 1 |aGeislerova, Marketa |
| 776 | 0#|tThe new face of terrorism : |w(CaOODSP)9.648390 |
| 856 | 40|ahttp://publications.gc.ca|qPDF|s551 KB|uhttps://publications.gc.ca/collections/Collection/E2-432-2001E.pdf |
| 986 | |a1024.1E |